Procesamiento mecánico y beneficio de semillas

Salvato in:
Dettagli Bibliografici
Autori principali: Vaughan, Charles E (Autore), Gregg, Bill R (Autore), Delouche, James C (Autore)
Natura: Libro
Lingua:spagnolo
Pubblicazione: Ciudad de México Herrero Hermanos 1970
Soggetti:
Tags: Aggiungi Tag
Nessun Tag, puoi essere il primo ad aggiungerne!!

MARC

LEADER 00000nam a2200000 a 4500
001 UCQ6354
003 CL-VaPUC
008 981016e19700000MX |||||||||||||||||spa|d
082 0 4 |a 631.531  |b VAU  |2 21 
100 0 |a Vaughan, Charles E  |e author  |9 420220 
700 0 |a Gregg, Bill R  |e author  |9 420221 
700 0 |a Delouche, James C  |e author  |9 420222 
245 1 0 |a Procesamiento mecánico y beneficio de semillas 
300 |a 284 p 
942 |c BK 
945 |d 19981016 00:00:00  |a aarredon 
260 |a Ciudad de México  |b Herrero Hermanos  |c 1970 
650 0 |a Agricultura  |9 255598 
650 0 |a Semillas   |9 264396 
650 0 |a Tratamiento de semillas  |9 340438 
650 7 |a MAQUINARIA AGRICOLA  |2 CL-VaPUC  |9 264357 
650 7 |a FUNCIONAMIENTO  |2 CL-VaPUC  |9 391188 
583 |a last modification  |c 19981016 00:00:00  |k Rodrigo Vera 
999 |c 276337  |d 276335